The heart of counselling : (Record no. 6880)

MARC details
000 -LEADER
fixed length control field 00614nam a22001937a 4500
003 - CONTROL NUMBER IDENTIFIER
control field OSt
005 - DATE AND TIME OF LATEST TRANSACTION
control field 20251204084811.0
008 - FIXED-LENGTH DATA ELEMENTS--GENERAL INFORMATION
fixed length control field 251204b |||||||| |||| 00| 0 eng d
020 ## - INTERNATIONAL STANDARD BOOK NUMBER
International Standard Book Number 0-534-62577-0.
040 ## - CATALOGING SOURCE
Original cataloging agency DWCL-Main
Transcribing agency OC
082 ## - DEWEY DECIMAL CLASSIFICATION NUMBER
Classification number Circ. 158.3 C663h 2006
100 ## - MAIN ENTRY--PERSONAL NAME
Personal name Cochran, Jeff L.
245 ## - TITLE STATEMENT
Title The heart of counselling :
Remainder of title a guide to developing therepeutic relationships
Statement of responsibility, etc. Cochran, Jeff L.
260 ## - PUBLICATION, DISTRIBUTION, ETC.
Place of publication, distribution, etc. Belmont, Calif. :
Name of publisher, distributor, etc. Thomson Higher Education,
Date of publication, distribution, etc. c2006.
300 ## - PHYSICAL DESCRIPTION
Extent xxvii, 303 pages ;
Dimensions 23 cm.
650 ## - SUBJECT ADDED ENTRY--TOPICAL TERM
Source of heading or term 1. Counseling.
700 ## - ADDED ENTRY--PERSONAL NAME
Personal name Cochran, Nancy H.
942 ## - ADDED ENTRY ELEMENTS (KOHA)
Source of classification or shelving scheme Dewey Decimal Classification
Koha item type Book Circulation
Call number prefix Circ.
Suppress in OPAC No
952 ## - LOCATION AND ITEM INFORMATION (KOHA)
--
Holdings
Withdrawn status Lost status Source of classification or shelving scheme Damaged status Not for loan Home library Current library Shelving location Date acquired Source of acquisition Total Checkouts Full call number Barcode Date last seen Copy number Price effective from Koha item type Uniform Resource Identifier
    Dewey Decimal Classification     College Library College Library Circulation 01/28/2008 School Fund   Circ. 158.3 C663h 2006 45608 12/04/2025 c1 12/04/2025 BK-CIRC